| 000 | 00835nam a2200265Ia 4500 | ||
|---|---|---|---|
| 003 | GCL | ||
| 008 | 140319s9999 xx 000 0 ara d | ||
| 040 |
_aGCL / _cGCL |
||
| 082 | 0 | 4 |
_aد _b050 |
| 100 | 1 | _aسعد زهران | |
| 245 | 1 | 0 |
_aالانسان بين الجوهر والمظهر: ( عالم المعرفة 140 ) / _cسعد زهران |
| 700 | 1 | _aلطفى فطيم (مترجم) | |
| 700 | 1 | _aفروم، اريك | |
| 700 | 1 | _aلطفى فطيم | |
| 300 | _a240 ص | ||
| 490 |
_aعالم المعرفة _v0 |
||
| 650 | 0 | 4 | _aالانسان |
| 650 | 0 | 4 | _aالعلوم الاجتماعية |
| 650 | 0 | 4 | _aالبيئة والانسان |
| 650 | 0 | 4 | _aالانثربولوجيا |
| 650 | 0 | 4 | _aالتطور الاجتماعى |
| 650 | 0 | 4 | _aالتكيف البيولوجى |
| 650 | 0 | 4 | _aالتأقلم |
| 942 |
_2ddc _cBK |
||
| 999 |
_c50299 _d50299 |
||